Taylor Swift songs that start with "W" - Statistics

General Stats
  • This quiz has been taken 19 times
  • The average score is 9 of 13
Answer Stats
Answer % Correct
We Are Never Ever Getting Back Together
92%
Who's Afraid of Little Old Me?
92%
willow
85%
Wood
85%
Would've, Could've, Should've
85%
When Emma Falls in Love
77%
Wonderland
77%
White Horse
69%
Wi$h Li$t
69%
Welcome to New York
62%
Wildest Dreams
62%
We Were Happy
54%
White Christmas
23%
No matching quizzes found
Score Distribution
Percent of People with Each Score
Percentile by Number Answered
Your Score History
You have not taken this quiz